[Event "DEM U12"]
[Site "Willingen"]
[Date "2006.06.03"]
[Round "1.48"]
[White "Vetter, Henrike"]
[Black "Kusmierek, Kasper"]
[Result "0-1"]
[WhiteElo "836"]
[BlackElo "1475"]
[PlyCount "60"]
[EventDate "2006.??.??"]
[EventType "swiss"]
[EventRounds "11"]
[EventCountry "GER"]

1. e4 c5 2. Nf3 Nc6 3. d4 cxd4 4. Nxd4 g6 5. Nc3 Bg7 6. Be3 Nf6 7. Bb5 O-O 8.
O-O a6 9. Ba4 b5 10. Bb3 Bb7 11. Qd2 Nxd4 12. Bxd4 Qb8 13. Bxf6 Bxf6 14. Qxd7
e6 15. Qd3 Bc6 16. Rab1 b4 17. Ne2 Bb5 18. Bc4 Rd8 19. Qb3 Rd2 20. Ng3 Qb6 21.
Qxb4 Rxc2 22. Bxb5 Qxb5 23. Qxb5 axb5 24. a3 Rxb2 25. Rxb2 Bxb2 26. Rb1 Bd4 27.
Rxb5 Rxa3 28. Rb4 Ba7 29. e5 Ra2 30. Ne4 Ra1+ 0-1

[Event "DEM U12"]
[Site "Willingen"]
[Date "2006.06.03"]
[Round "1.50"]
[White "Alt, Elisabeth"]
[Black "Matschewsky, Justus"]
[Result "0-1"]
[WhiteElo "782"]
[BlackElo "1449"]
[PlyCount "78"]
[EventDate "2006.??.??"]
[EventType "swiss"]
[EventRounds "11"]
[EventCountry "GER"]

1. e4 e5 2. Nf3 Nc6 3. Nc3 d6 4. Bc4 Bg4 5. h3 Bh5 6. d3 Be7 7. Be3 Nf6 8. O-O
O-O 9. Qe2 a6 10. Rad1 Qd7 11. d4 exd4 12. Bxd4 Nxd4 13. Rxd4 Qc6 14. Nd5 Nxd5
15. exd5 Qd7 16. Qe4 Rfe8 17. Qf4 Bg6 18. c3 Bf6 19. Rdd1 Re4 20. Qg3 Rxc4 21.
Ng5 Bxg5 22. Qxg5 Re4 23. Rd4 Rxd4 24. cxd4 Re8 25. h4 Qf5 26. Qxf5 Bxf5 27. f3
g6 28. g4 Bd7 29. h5 Bb5 30. Rf2 Re1+ 31. Kg2 Re2 32. Rxe2 Bxe2 33. Kg3 Bc4 34.
f4 Bxa2 35. f5 Kg7 36. Kf4 Bxd5 37. Kg5 h6+ 38. Kf4 gxh5 39. gxh5 Kf6 0-1

[Event "DEM U12"]
[Site "Willingen"]
[Date "2006.06.04"]
[Round "3.1"]
[White "Friedrich, Wiede"]
[Black "Klek, Hanna-Marie"]
[Result "1/2-1/2"]
[WhiteElo "1933"]
[BlackElo "1668"]
[PlyCount "57"]
[EventDate "2006.??.??"]
[EventType "swiss"]
[EventRounds "11"]
[EventCountry "GER"]

1. e4 d5 2. exd5 Qxd5 3. Nc3 Qd8 4. d4 Nf6 5. Bc4 Bg4 6. f3 Bf5 7. Nge2 Nc6 8.
Bf4 a6 9. O-O e6 10. Re1 Be7 11. Qd2 O-O 12. Rad1 Nb4 13. Bb3 Nbd5 14. Nxd5
Nxd5 15. Bg3 Re8 16. a3 Bd6 17. c4 Nf6 18. Bf2 Qd7 19. Nc3 Rad8 20. Kh1 Kh8 21.
g4 Bg6 22. h4 h5 23. g5 Ng8 24. Ba4 c6 25. Ne4 Qc7 26. Nxd6 Qxd6 27. Kg2 Ne7
28. Bg3 Qd7 29. Bf2 1/2-1/2

[Event "DEM U12"]
[Site "Willingen"]
[Date "2006.06.04"]
[Round "3.3"]
[White "Neumair, Jerome"]
[Black "Bräuer, Franz"]
[Result "1/2-1/2"]
[WhiteElo "1596"]
[BlackElo "1878"]
[PlyCount "34"]
[EventDate "2006.??.??"]
[EventType "swiss"]
[EventRounds "11"]
[EventCountry "GER"]

1. c4 e5 2. Nc3 Nf6 3. Nf3 Nc6 4. e3 Bb4 5. Qc2 O-O 6. Be2 d5 7. cxd5 Nxd5 8.
O-O Bxc3 9. bxc3 f5 10. d4 e4 11. Ne1 Kh8 12. c4 Nf6 13. Bb2 Qe8 14. Qc3 Ne7
15. f3 Qg6 16. d5 Re8 17. Nc2 Bd7 1/2-1/2

[Event "DEM U12"]
[Site "Willingen"]
[Date "2006.06.04"]
[Round "3.4"]
[White "Hager, Joshua Aarash"]
[Black "Mons, Leon"]
[Result "1-0"]
[WhiteElo "1872"]
[BlackElo "1588"]
[PlyCount "59"]
[EventDate "2006.??.??"]
[EventType "swiss"]
[EventRounds "11"]
[EventCountry "GER"]

1. Nf3 Nf6 2. c4 c5 3. Nc3 Nc6 4. e3 e6 5. d4 cxd4 6. exd4 d5 7. Bg5 Be7 8. Rc1
h6 9. Bh4 dxc4 10. Bxc4 Nd5 11. Bg3 Nxc3 12. bxc3 Bd6 13. O-O Bxg3 14. hxg3 O-O
15. Bd3 Ne7 16. Bb1 g6 17. Ne5 Kg7 18. Qd3 Qe8 19. Qd2 Rh8 20. Rfe1 Bd7 21. Qb2
Rb8 22. c4 Qd8 23. d5 Kg8 24. Nxd7 Qxd7 25. Qe5 Re8 26. dxe6 fxe6 27. Rcd1 Qc6
28. Qxe6+ Qxe6 29. Rxe6 Kf7 30. Rde1 1-0

[Event "DEM U12"]
[Site "Willingen"]
[Date "2006.06.04"]
[Round "3.5"]
[White "Schulz, Anja"]
[Black "Kotainy, Jens"]
[Result "0-1"]
[WhiteElo "1585"]
[BlackElo "1835"]
[PlyCount "76"]
[EventDate "2006.??.??"]
[EventType "swiss"]
[EventRounds "11"]
[EventCountry "GER"]

1. e4 c5 2. Nf3 e6 3. d4 cxd4 4. Nxd4 a6 5. Be3 Nf6 6. Bd3 Nc6 7. O-O Qc7 8. f4
Bc5 9. c3 Qb6 10. Qe2 Nxd4 11. cxd4 Bxd4 12. Bxd4 Qxd4+ 13. Kh1 O-O 14. Nc3 d6
15. Rad1 Qc5 16. e5 dxe5 17. fxe5 Nd5 18. Ne4 Qe3 19. Qh5 g6 20. Qh4 Kg7 21.
Nf6 Qh6 22. Qxh6+ Kxh6 23. Rf3 Kg7 24. Rdf1 Nxf6 25. Rxf6 Bd7 26. Bc2 Bb5 27.
Re1 Rad8 28. Bb3 Rd2 29. Kg1 Rxb2 30. Rc1 Bc6 31. Rc2 Rxc2 32. Bxc2 Rd8 33. Rf2
Rd5 34. Re2 Bb5 35. Re3 Rd2 36. Bb3 Bc6 37. h3 Rxg2+ 38. Kf1 Rd2 0-1

[Event "DEM U12"]
[Site "Willingen"]
[Date "2006.06.04"]
[Round "3.6"]
[White "Zier, Oliver"]
[Black "Petkidis, Anthony"]
[Result "1-0"]
[WhiteElo "1823"]
[BlackElo "1585"]
[PlyCount "71"]
[EventDate "2006.??.??"]
[EventType "swiss"]
[EventRounds "11"]
[EventCountry "GER"]

1. d4 Nf6 2. c4 c5 3. d5 e6 4. Nc3 exd5 5. cxd5 d6 6. e4 g6 7. h3 Bg7 8. Nf3
O-O 9. Bd3 b5 10. Nxb5 Nxe4 11. Bxe4 Re8 12. Ng5 h6 13. Ne6 Bxe6 14. dxe6 Qa5+
15. Nc3 Bxc3+ 16. bxc3 Rxe6 17. O-O Rxe4 18. Qd5 Nc6 19. Qxe4 Rc8 20. Bb2 c4
21. Qxc4 Qf5 22. Rfe1 Ne5 23. Qe4 Qd7 24. Rad1 Qb5 25. Ba1 Re8 26. c4 Qc5 27.
Qd4 Qb4 28. Bc3 Qa3 29. f4 Qa4 30. fxe5 dxe5 31. Qf2 a6 32. Rd5 Qxc4 33. Rdxe5
Rxe5 34. Bxe5 Qd5 35. Qf6 Qc5+ 36. Bd4 1-0

[Event "DEM U12"]
[Site "Willingen"]
[Date "2006.06.04"]
[Round "3.7"]
[White "Mirke, Roy"]
[Black "Braun, Georg"]
[Result "1-0"]
[WhiteElo "1557"]
[BlackElo "1774"]
[PlyCount "113"]
[EventDate "2006.??.??"]
[EventType "swiss"]
[EventRounds "11"]
[EventCountry "GER"]

1. d4 Nf6 2. Nf3 e6 3. e3 b6 4. Bd3 Bb7 5. Nbd2 c5 6. c3 cxd4 7. exd4 d6 8. O-O
Be7 9. Qe2 O-O 10. Re1 Re8 11. Ng5 Bf8 12. Nde4 Nbd7 13. Qc2 Nxe4 14. Nxe4 e5
15. Ng5 g6 16. dxe5 Nxe5 17. Be4 d5 18. Bd3 Nxd3 19. Rxe8 Qxe8 20. Qxd3 Qe1+
21. Qf1 Qxf1+ 22. Kxf1 Ba6+ 23. Ke1 Re8+ 24. Kd1 Bc5 25. f4 Re2 26. b4 Bg1 27.
h4 Rxg2 28. a4 Bc4 29. Bd2 Bh2 30. Kc1 Rg1+ 31. Kb2 Rg2 32. Kc1 Bg3 33. a5 b5
34. a6 Bxh4 35. Be3 Bf2 36. Bxa7 Bxa7 37. Nf3 Be3+ 38. Kd1 Rf2 39. Ne1 Bb3+ 40.
Nc2 Rf1+ 41. Ke2 Rxa1 42. Nxa1 Ba7 43. Nxb3 h5 44. Nd4 Kf8 45. Nxb5 Bb8 46. a7
Bxa7 47. Nxa7 Ke7 48. Nb5 Ke6 49. Nd4+ Kd6 50. Kf3 f6 51. Kg3 g5 52. Nf3 Kc6
53. fxg5 fxg5 54. Nxg5 Kb5 55. Nf3 Kc4 56. Kh4 Kb5 57. Kxh5 1-0

[Event "DEM U12"]
[Site "Willingen"]
[Date "2006.06.04"]
[Round "3.8"]
[White "Sarchisov, Slavik"]
[Black "Hampel, Felix"]
[Result "1-0"]
[WhiteElo "1695"]
[BlackElo "1549"]
[PlyCount "83"]
[EventDate "2006.??.??"]
[EventType "swiss"]
[EventRounds "11"]
[EventCountry "GER"]

1. e4 c5 2. Nf3 e6 3. d4 cxd4 4. Nxd4 Qb6 5. Nb3 Nc6 6. Be3 Qc7 7. Bd3 Nf6 8.
O-O Be7 9. f4 O-O 10. Nc3 a6 11. e5 Ne8 12. Ne4 d5 13. Ned2 Nb4 14. Nf3 f6 15.
c3 Nxd3 16. Qxd3 Bd7 17. Nbd4 fxe5 18. fxe5 g6 19. Rf2 Ng7 20. g4 Rf7 21. Bh6
Raf8 22. Raf1 Bc5 23. a4 Be7 24. Qe3 Qb6 25. Bxg7 Kxg7 26. Nf5+ exf5 27. Qxb6
Bxa4 28. gxf5 gxf5 29. Nd4 Kh8 30. Nxf5 Bd8 31. Qd6 Bb5 32. Ne7 Rg7+ 33. Kh1
Rxf2 34. Rxf2 Bxe7 35. e6 Kg8 36. Rg2 Rg6 37. Rxg6+ hxg6 38. Qf4 Be8 39. Qb8
Kf8 40. Qxb7 Bb5 41. Qxd5 Kg7 42. c4 1-0

[Event "DEM U12"]
[Site "Willingen"]
[Date "2006.06.04"]
[Round "3.9"]
[White "Kropman, Alexei"]
[Black "Volz, Daniel"]
[Result "1-0"]
[WhiteElo "1669"]
[BlackElo "1455"]
[PlyCount "69"]
[EventDate "2006.??.??"]
[EventType "swiss"]
[EventRounds "11"]
[EventCountry "GER"]

1. e4 c5 2. Nc3 e6 3. f4 Nc6 4. Nf3 a6 5. a4 d5 6. d3 Nf6 7. e5 Nd7 8. g3 Be7
9. Bg2 Qc7 10. O-O O-O 11. Re1 Rd8 12. Qe2 Nf8 13. Qf2 Rb8 14. Kh1 b5 15. axb5
axb5 16. Bd2 Qb6 17. Rf1 Nd7 18. h3 Bb7 19. Kh2 Ra8 20. Rae1 b4 21. Nd1 Qb5 22.
g4 c4 23. d4 Ra2 24. f5 Rf8 25. Bg5 Bxg5 26. Nxg5 h6 27. Nf3 Raa8 28. Qh4 Qb6
29. c3 bxc3 30. bxc3 Qc7 31. Kh1 Qd8 32. f6 gxf6 33. Qxh6 fxe5 34. Ng5 Qxg5 35.
Qxg5+ 1-0

[Event "DEM U12"]
[Site "Willingen"]
[Date "2006.06.04"]
[Round "3.10"]
[White "Kaphle, Sebastian"]
[Black "Kreiter, Thomas"]
[Result "1-0"]
[WhiteElo "2064"]
[BlackElo "1561"]
[PlyCount "71"]
[EventDate "2006.??.??"]
[EventType "swiss"]
[EventRounds "11"]
[EventCountry "GER"]

1. e4 c5 2. Nf3 d6 3. d4 cxd4 4. Nxd4 Nf6 5. Nc3 a6 6. f3 e5 7. Nb3 Be6 8. Be3
Nbd7 9. Qd2 b5 10. O-O-O Be7 11. g4 Rc8 12. Rg1 O-O 13. g5 Nh5 14. Nd5 Bxd5 15.
exd5 Qc7 16. Bh3 g6 17. Na5 Rce8 18. Bxd7 Qxd7 19. Nc6 Rc8 20. f4 exf4 21. Bxf4
Nxf4 22. Qxf4 f6 23. Rde1 Bd8 24. Rgf1 f5 25. Re2 Re8 26. Rfe1 Rxe2 27. Rxe2
Rxc6 28. dxc6 Qxc6 29. Qe3 Kf7 30. h4 Qh1+ 31. Re1 Qc6 32. Kb1 Qd7 33. Qb3+ Kf8
34. Qd5 Be7 35. Qa8+ Qd8 36. Qxa6 1-0

[Event "DEM U12"]
[Site "Willingen"]
[Date "2006.06.04"]
[Round "3.11"]
[White "Wang, Zhangxian"]
[Black "Risius, Philipp"]
[Result "1-0"]
[WhiteElo "1998"]
[BlackElo "1557"]
[PlyCount "121"]
[EventDate "2006.??.??"]
[EventType "swiss"]
[EventRounds "11"]
[EventCountry "GER"]

1. e4 e5 2. Bc4 Nf6 3. d3 d6 4. Nf3 Bg4 5. Nbd2 Nc6 6. c3 Be7 7. O-O O-O 8. Bb3
d5 9. Qe2 d4 10. Rd1 Nh5 11. Nf1 Bg5 12. Bxg5 Qxg5 13. Nxg5 Bxe2 14. Rd2 Bg4
15. h3 Bd7 16. Kh2 h6 17. Nf3 Rfe8 18. cxd4 Nxd4 19. Nxd4 exd4 20. Ng3 Nf4 21.
Ne2 Nxe2 22. Rxe2 c5 23. Bd5 Bb5 24. Rd2 Rab8 25. Rc1 b6 26. Bc4 Bd7 27. Rdc2
Rbc8 28. Ba6 Rc7 29. Bc4 a5 30. b3 Kf8 31. f4 Ke7 32. Kg3 Be6 33. Bxe6 Kxe6 34.
a3 Rec8 35. b4 axb4 36. axb4 g6 37. Kf3 Kd6 38. Rc4 Ra8 39. R4c2 Ra3 40. Ke2
Rb3 41. bxc5+ bxc5 42. Ra1 Rcb7 43. Ra8 Rb8 44. Rxb8 Rxb8 45. Ra2 Rb6 46. Kd2
f6 47. Kc2 g5 48. f5 c4 49. Ra4 cxd3+ 50. Kxd3 Rb2 51. Rxd4+ Ke5 52. Rd5+ Kf4
53. g3+ Kxg3 54. Rd6 Kxh3 55. Rxf6 h5 56. Rg6 g4 57. f6 Rf2 58. e5 g3 59. e6 g2
60. e7 Rf3+ 61. Ke2 1-0

[Event "DEM U12"]
[Site "Willingen"]
[Date "2006.06.04"]
[Round "3.12"]
[White "Titgemeyer, Sven"]
[Black "Ma, Beini"]
[Result "0-1"]
[WhiteElo "1557"]
[BlackElo "1960"]
[PlyCount "78"]
[EventDate "2006.??.??"]
[EventType "swiss"]
[EventRounds "11"]
[EventCountry "GER"]

1. e4 c5 2. Nf3 d6 3. d4 cxd4 4. Nxd4 Nf6 5. Nc3 a6 6. Bg5 e6 7. f4 Qc7 8. Qf3
b5 9. a3 Bb7 10. Be2 Nbd7 11. Rd1 Be7 12. O-O Nc5 13. Bd3 Qb6 14. Kh1 b4 15.
axb4 Qxb4 16. Rfe1 O-O 17. Qe3 Ng4 18. Qg3 Bxg5 19. Qxg4 Be7 20. e5 Qxb2 21.
Bxh7+ Kxh7 22. Qh5+ Kg8 23. Re3 f6 24. Na4 Nxa4 25. Nxe6 Qxc2 26. Rg3 Rf7 27.
Rg1 Qh7 28. Qe2 fxe5 29. fxe5 dxe5 30. Qa2 Nb6 31. Qb3 Rb8 32. Qe3 Nc4 33. Qc3
Bd5 34. Rh3 Qe4 35. Qc1 Bxe6 36. Rg3 Qf4 37. Qa1 Qd4 38. Qc1 Rb2 39. Qa1 Qf2
0-1

[Event "DEM U12"]
[Site "Willingen"]
[Date "2006.06.04"]
[Round "3.13"]
[White "Schreiner, Till"]
[Black "Wittke, Rene"]
[Result "0-1"]
[WhiteElo "1499"]
[BlackElo "1687"]
[PlyCount "106"]
[EventDate "2006.??.??"]
[EventType "swiss"]
[EventRounds "11"]
[EventCountry "GER"]

1. e4 e5 2. Nf3 Nf6 3. d4 Nxe4 4. Bd3 d5 5. Nxe5 Bd6 6. O-O O-O 7. c4 c6 8. Qf3
f6 9. Ng4 f5 10. Ne5 Be6 11. Rd1 Qc7 12. Bxe4 fxe4 13. Qh5 Nd7 14. Nxd7 Qxd7
15. h3 Rf5 16. Qe2 Raf8 17. Be3 Rf3 18. Nd2 Bxh3 19. Nxf3 Bg4 20. Ne5 Bxe5 21.
Qf1 Bxd1 22. Rxd1 Bd6 23. Qe2 Rf6 24. cxd5 cxd5 25. Qh5 Qf7 26. Qg4 Qe6 27.
Qxe6+ Rxe6 28. Rc1 Kf7 29. Kf1 Re7 30. Rc8 Rc7 31. Rd8 Ke6 32. Re8+ Re7 33. Rc8
Kd7 34. Rg8 Kc6 35. Ke2 Kb5 36. Rc8 h6 37. g3 a5 38. Kd1 b6 39. Kd2 Ka6 40. Rc1
Rc7 41. Rxc7 Bxc7 42. Kc3 b5 43. b4 a4 44. a3 Kb6 45. Kd2 Kc6 46. Ke2 Kd7 47.
Kf1 Ke6 48. Kg2 Kf5 49. Kh3 h5 50. Bd2 g5 51. Be3 g4+ 52. Kh4 Kg6 53. Bg5 Bb6
0-1

[Event "DEM U12"]
[Site "Willingen"]
[Date "2006.06.04"]
[Round "3.14"]
[White "Müller, Tobias"]
[Black "Babayev, Ramil"]
[Result "1/2-1/2"]
[WhiteElo "1620"]
[BlackElo "1553"]
[PlyCount "36"]
[EventDate "2006.??.??"]
[EventType "swiss"]
[EventRounds "11"]
[EventCountry "GER"]

1. e4 c5 2. Nf3 e6 3. d4 cxd4 4. Nxd4 a6 5. Bd3 Qc7 6. c4 Nc6 7. Nxc6 dxc6 8.
O-O e5 9. Be3 Nf6 10. h3 Be7 11. Nd2 O-O 12. Qc2 h6 13. a3 a5 14. Kh1 Re8 15.
Rad1 b6 16. Nf3 Bb7 17. Rfe1 Rad8 18. Kg1 Ba6 1/2-1/2

[Event "DEM U12"]
[Site "Willingen"]
[Date "2006.06.04"]
[Round "3.15"]
[White "Rosenkranz, Christian"]
[Black "Rieping, Heiner"]
[Result "1-0"]
[WhiteElo "1495"]
[BlackElo "1591"]
[PlyCount "49"]
[EventDate "2006.??.??"]
[EventType "swiss"]
[EventRounds "11"]
[EventCountry "GER"]

1. e4 d5 2. exd5 Qxd5 3. Nc3 Qa5 4. Nf3 Nf6 5. d4 Bg4 6. Bd2 Nc6 7. Bb5 O-O-O
8. Bxc6 bxc6 9. Ne2 Qd5 10. Ne5 c5 11. f3 Bf5 12. c4 Qe6 13. Nf4 Qd6 14. Nxf7
Qxd4 15. Nxd8 Qxd8 16. Be3 Qxd1+ 17. Rxd1 e5 18. Nd3 Nd7 19. O-O Bd6 20. Nf2
Nb6 21. b3 a5 22. Ne4 Bxe4 23. fxe4 Kb7 24. Rf7 g6 25. Rxd6 1-0

[Event "DEM U12"]
[Site "Willingen"]
[Date "2006.06.04"]
[Round "3.16"]
[White "Sancar, Alina"]
[Black "Pauly, Carlo"]
[Result "1/2-1/2"]
[WhiteElo "1330"]
[BlackElo "1577"]
[PlyCount "41"]
[EventDate "2006.??.??"]
[EventType "swiss"]
[EventRounds "11"]
[EventCountry "GER"]

1. e4 c5 2. Nf3 d6 3. d4 cxd4 4. Nxd4 Nf6 5. Nc3 Nc6 6. Nf3 e6 7. Bg5 Be7 8.
Bc4 h6 9. Bf4 a6 10. a4 O-O 11. O-O Qc7 12. Re1 Rd8 13. Qe2 Nd7 14. Rad1 Nc5
15. Qe3 b6 16. Nd2 Rb8 17. Qg3 Kh8 18. Nb3 Nb4 19. Nxc5 bxc5 20. Re2 Nc6 21. b3
1/2-1/2

[Event "DEM U12"]
[Site "Willingen"]
[Date "2006.06.04"]
[Round "3.17"]
[White "Rafayevych, Vilen"]
[Black "Berchtenbreiter, Maximilian"]
[Result "0-1"]
[WhiteElo "1448"]
[BlackElo "1999"]
[PlyCount "60"]
[EventDate "2006.??.??"]
[EventType "swiss"]
[EventRounds "11"]
[EventCountry "GER"]

1. d4 c5 2. d5 b5 3. e4 a6 4. c4 b4 5. b3 d6 6. Bd3 Nd7 7. Nf3 g6 8. Bb2 Ngf6
9. O-O Bg7 10. Re1 O-O 11. e5 Ng4 12. exd6 exd6 13. Bxg7 Kxg7 14. Nbd2 Nde5 15.
Nxe5 Nxe5 16. Bc2 Re8 17. Ne4 f5 18. Nd2 Bd7 19. Nf3 Qf6 20. Nxe5 Rxe5 21. Qd2
Rae8 22. Bd3 f4 23. f3 Re3 24. Rac1 Qd4 25. Kh1 Rxd3 26. Qc2 Ree3 27. Rxe3 fxe3
28. Re1 e2 29. h3 Bf5 30. Qc1 Qc3 0-1

[Event "DEM U12"]
[Site "Willingen"]
[Date "2006.06.04"]
[Round "3.18"]
[White "Fittkau, Nico"]
[Black "Zimmermann, Gordon"]
[Result "0-1"]
[WhiteElo "1436"]
[BlackElo "1920"]
[PlyCount "68"]
[EventDate "2006.??.??"]
[EventType "swiss"]
[EventRounds "11"]
[EventCountry "GER"]

1. e4 c5 2. Nf3 d6 3. d4 cxd4 4. Nxd4 Nf6 5. Nc3 a6 6. Bg5 e6 7. f4 h6 8. Bh4
Be7 9. Bd3 Nbd7 10. Qf3 g5 11. Bg3 gxf4 12. Bh4 Ne5 13. Qe2 Qc7 14. Nf3 Ng6 15.
Bf2 Ng4 16. O-O-O Nxf2 17. Qxf2 Bf6 18. Nb1 b5 19. g3 Qc5 20. Qxc5 dxc5 21. c4
b4 22. Nbd2 Bb7 23. Nb3 Rc8 24. Rhe1 Ke7 25. Nbd2 Rhd8 26. Be2 Kf8 27. Kc2 fxg3
28. hxg3 Ne7 29. Rh1 Kg7 30. Bd3 Nc6 31. Nf1 a5 32. Ne3 a4 33. Ng4 b3+ 34. axb3
Nb4+ 0-1

[Event "DEM U12"]
[Site "Willingen"]
[Date "2006.06.04"]
[Round "3.19"]
[White "von Schwerin, Clemens"]
[Black "Wendling, Florian"]
[Result "0-1"]
[WhiteElo "1423"]
[BlackElo "1628"]
[PlyCount "50"]
[EventDate "2006.??.??"]
[EventType "swiss"]
[EventRounds "11"]
[EventCountry "GER"]

1. c4 Nf6 2. d4 c6 3. Nc3 d5 4. Nf3 e6 5. Bg5 Be7 6. e3 a6 7. Bd3 Nbd7 8. O-O
O-O 9. Ne5 h6 10. Bh4 Nxe5 11. dxe5 Nd7 12. Bxe7 Qxe7 13. f4 b5 14. cxd5 cxd5
15. Rc1 Bb7 16. e4 b4 17. exd5 Qc5+ 18. Kh1 bxc3 19. d6 Qd5 20. Qe2 cxb2 21.
Qxb2 Rfc8 22. Rfd1 Rxc1 23. Rxc1 Rc8 24. Rb1 Nc5 25. Bc2 Qxg2# 0-1

[Event "DEM U12"]
[Site "Willingen"]
[Date "2006.06.04"]
[Round "3.20"]
[White "Schätz, Annika"]
[Black "Pfeiffer, Daniel"]
[Result "0-1"]
[WhiteElo "1406"]
[BlackElo "1606"]
[PlyCount "118"]
[EventDate "2006.??.??"]
[EventType "swiss"]
[EventRounds "11"]
[EventCountry "GER"]

1. e4 c5 2. Nf3 d6 3. d4 cxd4 4. Nxd4 Nf6 5. Nc3 a6 6. Bg5 e6 7. f4 Be7 8. Qf3
Qc7 9. O-O-O Nbd7 10. g4 b5 11. Bxf6 Nxf6 12. g5 Nd7 13. Kb1 Nc5 14. Bd3 Bb7
15. Rhg1 Rc8 16. h4 b4 17. Nce2 Qb6 18. h5 Kd7 19. Qe3 Kc7 20. e5 g6 21. hxg6
hxg6 22. exd6+ Bxd6 23. Nf3 Rh3 24. Rg3 Rxg3 25. Nxg3 Na4 26. Qxb6+ Nxb6 27.
Ne5 Bxe5 28. fxe5 Nd7 29. Re1 Rh8 30. Bf1 Rh4 31. b3 Rg4 32. Ne2 Rxg5 33. Nf4
Rxe5 34. Rd1 a5 35. Nd3 Rh5 36. Nf2 Rh2 37. Ng4 Rh8 38. Ne3 Ne5 39. Be2 Bf3 40.
Bxf3 Nxf3 41. Nc4 Rh5 42. Nd6 Rd5 43. Rxd5 exd5 44. Nxf7 g5 45. Nh6 Kc6 46. Kc1
Kc5 47. Kd1 Kd4 48. Ke2 Ke4 49. Ng4 Kf4 50. Ne3 Ke4 51. Kf2 Nd4 52. Ng4 Nxc2
53. Nf6+ Kd4 54. Nh7 Kc3 55. Nxg5 Kb2 56. Ne6 d4 57. Nxd4 Nxd4 58. Ke3 Nxb3 59.
axb3 Kxb3 0-1

[Event "DEM U12"]
[Site "Willingen"]
[Date "2006.06.04"]
[Round "3.21"]
[White "Maier, Florian"]
[Black "Lebek, Ricarda"]
[Result "1/2-1/2"]
[WhiteElo "1404"]
[BlackElo "1577"]
[PlyCount "47"]
[EventDate "2006.??.??"]
[EventType "swiss"]
[EventRounds "11"]
[EventCountry "GER"]

1. d4 d5 2. Nf3 Nc6 3. e3 Bg4 4. c4 e6 5. Nbd2 Nf6 6. Qb3 Rb8 7. Bd3 Be7 8. O-O
O-O 9. h3 Bh5 10. a3 Re8 11. Qc3 Bg6 12. b4 Bxd3 13. Qxd3 a6 14. b5 axb5 15.
cxb5 Na7 16. Ne5 Nd7 17. f4 f6 18. Nxd7 Qxd7 19. a4 Ra8 20. Ba3 Bxa3 21. Rxa3
Qd6 22. Rc3 c6 23. bxc6 Nxc6 24. Qb5 1/2-1/2

[Event "DEM U12"]
[Site "Willingen"]
[Date "2006.06.04"]
[Round "3.22"]
[White "Lang, Sascha"]
[Black "Bading, Kenneth"]
[Result "0-1"]
[WhiteElo "1400"]
[BlackElo "1553"]
[PlyCount "120"]
[EventDate "2006.??.??"]
[EventType "swiss"]
[EventRounds "11"]
[EventCountry "GER"]

1. e4 e5 2. Nf3 Nc6 3. d4 exd4 4. Nxd4 Bc5 5. Be3 Bb6 6. Nxc6 bxc6 7. Bd4 Nf6
8. Nc3 Qe7 9. Qd3 a5 10. Be2 Ba6 11. Qe3 Bxd4 12. Qxd4 Bxe2 13. Kxe2 O-O 14. f3
Rfe8 15. Kf2 Qb4 16. Ne2 d5 17. Qxb4 axb4 18. exd5 cxd5 19. Rhd1 c5 20. Nf4
Red8 21. Rd2 g5 22. Nd3 Ra5 23. Ne5 Rda8 24. Ng4 Nxg4+ 25. fxg4 c4 26. Rb1 h6
27. g3 Rxa2 28. Rxd5 c3 29. Rb5 Rxb2 30. Rxb2 cxb2 31. Rxb4 Ra2 32. h4 Kg7 33.
Ke2 gxh4 34. gxh4 Ra4 35. Rxb2 Rxg4 36. Rb3 Rxh4 37. Rg3+ Kf6 38. Kd3 Ra4 39.
Rg1 h5 40. c4 h4 41. Kd4 Ra8 42. c5 Ke6 43. Re1+ Kd7 44. Kd5 Ra5 45. Rf1 Ke7
46. Kc6 h3 47. Rh1 Ra6+ 48. Kb7 Ra3 49. c6 Rb3+ 50. Kc7 f5 51. Re1+ Kf6 52. Kc8
f4 53. Rh1 Kg5 54. c7 Kg4 55. Rc1 h2 56. Kd7 Rb7 57. Kd8 Rxc7 58. Kxc7 Kg3 59.
Kd6 f3 60. Ke5 f2 0-1

[Event "DEM U12"]
[Site "Willingen"]
[Date "2006.06.04"]
[Round "3.24"]
[White "Quaschner, Manuel"]
[Black "Gisy, Roberto"]
[Result "1/2-1/2"]
[WhiteElo "1394"]
[BlackElo "1540"]
[PlyCount "65"]
[EventDate "2006.??.??"]
[EventType "swiss"]
[EventRounds "11"]
[EventCountry "GER"]

1. e4 e5 2. Nf3 Nc6 3. Bc4 Nf6 4. Ng5 d5 5. exd5 Nd4 6. c3 b5 7. Bf1 Nxd5 8.
cxd4 Qxg5 9. Bxb5+ Kd8 10. O-O Bb7 11. Qf3 Rb8 12. Qg3 Qxg3 13. hxg3 exd4 14.
d3 Bd6 15. Nd2 a6 16. Bc4 c5 17. Ne4 Be7 18. Ng5 Bxg5 19. Bxg5+ f6 20. Bd2 Kd7
21. Rfe1 Rhe8 22. Rxe8 Rxe8 23. Re1 Rxe1+ 24. Bxe1 Nb6 25. Bb3 Bd5 26. Bxd5
Nxd5 27. Kf1 Kc6 28. Ke2 Kb5 29. Kd1 Nb4 30. Bxb4 Kxb4 31. Kc2 a5 32. f3 h5 33.
g4 1/2-1/2

[Event "DEM U12"]
[Site "Willingen"]
[Date "2006.06.04"]
[Round "3.25"]
[White "Davydov, Ruven"]
[Black "Barzen, Pascal"]
[Result "1-0"]
[WhiteElo "1532"]
[BlackElo "1390"]
[PlyCount "109"]
[EventDate "2006.??.??"]
[EventType "swiss"]
[EventRounds "11"]
[EventCountry "GER"]

1. e4 c5 2. Nf3 d6 3. d4 cxd4 4. Nxd4 Nf6 5. Nc3 a6 6. Be3 g6 7. Be2 Bg7 8. Qd2
O-O 9. Bh6 b5 10. Bxg7 Kxg7 11. Bf3 e5 12. Nb3 Bb7 13. O-O Qc7 14. Rad1 Rd8 15.
Rfe1 Nc6 16. Qg5 h6 17. Qxf6+ Kxf6 18. Nd5+ Kg7 19. Nxc7 Rac8 20. Nd5 a5 21. c3
a4 22. Nc1 f5 23. Nd3 Na5 24. N3b4 Rc5 25. Nb6 f4 26. N4d5 h5 27. g3 fxg3 28.
hxg3 Kh6 29. Bg2 g5 30. f3 Nc6 31. b4 axb3 32. axb3 b4 33. cxb4 Rc2 34. Rc1 Rb2
35. Rb1 Rc2 36. Rec1 Rd2 37. Nc4 Re2 38. Na5 Nxa5 39. bxa5 Rf8 40. b4 g4 41.
Rf1 Bxd5 42. exd5 gxf3 43. Rxf3 Rc8 44. Rf2 Re3 45. Kh2 Rcc3 46. Rf3 Rxf3 47.
Bxf3 Rxf3 48. a6 e4 49. b5 e3 50. b6 e2 51. a7 Rf1 52. a8=Q Rxb1 53. Qf8+ Kg5
54. Qe7+ Kg4 55. Qe4+ 1-0

[Event "DEM U12"]
[Site "Willingen"]
[Date "2006.06.04"]
[Round "3.26"]
[White "Orhan, Eda"]
[Black "Schmitz, Stefan"]
[Result "1-0"]
[WhiteElo "1391"]
[BlackElo "1526"]
[PlyCount "57"]
[EventDate "2006.??.??"]
[EventType "swiss"]
[EventRounds "11"]
[EventCountry "GER"]

1. e4 e5 2. Nf3 Nc6 3. Bc4 Nf6 4. d3 Bc5 5. c3 d6 6. O-O O-O 7. Re1 a6 8. Bb3
Ba7 9. Nbd2 Be6 10. Bc2 Qd7 11. Nf1 Ne7 12. Ng3 Bg4 13. h3 Bxh3 14. Nh4 Bg4 15.
Qd2 h6 16. d4 Rad8 17. Nhf5 Nxf5 18. Nxf5 Bxf5 19. exf5 exd4 20. cxd4 Nd5 21.
a4 Qc6 22. Be4 Rfe8 23. f6 Qc4 24. fxg7 Qxd4 25. Bh7+ Kxg7 26. Qxh6+ Kh8 27.
Bg6+ Kg8 28. Qh7+ Kf8 29. Qxf7# 1-0

[Event "DEM U12"]
[Site "Willingen"]
[Date "2006.06.04"]
[Round "3.27"]
[White "Miller, Eduard"]
[Black "Böhme, Lasse"]
[Result "1-0"]
[WhiteElo "1525"]
[BlackElo "1378"]
[PlyCount "51"]
[EventDate "2006.??.??"]
[EventType "swiss"]
[EventRounds "11"]
[EventCountry "GER"]

1. e4 e6 2. d4 d5 3. exd5 exd5 4. c4 dxc4 5. Bxc4 Bb4+ 6. Nc3 Nf6 7. Qb3 Qe7+
8. Nge2 O-O 9. O-O Bd6 10. Bg5 Nbd7 11. Ng3 Bxg3 12. fxg3 h6 13. Nd5 Qd8 14.
Nxf6+ Nxf6 15. Bxf6 gxf6 16. Rf4 Qe7 17. Raf1 Be6 18. Rxf6 c5 19. d5 Bd7 20. d6
Qe5 21. Rxf7 Qd4+ 22. Kh1 Rxf7 23. Rxf7 Re8 24. Rxd7+ Kh8 25. Re7 Rxe7 26. dxe7
1-0